Estadísticas para Rosco de Pasapalabra #80

Haz click aquí para intentar la prueba.

Estadísticas generales

  • Esta prueba ha sido intentada 79 veces
  • La puntuación promedio es 13 de 25

Estadísticas de respuestas

InicialDefiniciónRespuesta% Correcto
DSéptimo día de la semanaDomingo
98%
MColoquialmente, madreMamá
96%
CPapel escrito, y ordinariamente cerrado, que una persona envía a otra para comunicarse con ellaCarta
89%
PCada uno de los pisos de un edificioPlanta
84%
HSilla plegable con respaldo alto y graduable que permite recostarse o tumbarseHamaca
82%
REn baloncesto, pelota que golpea en el tablero o en el aro de la canasta, cuya posesión disputan los equiposRebote
67%
Contiene la ÑLámpara de techo con varios brazos, de los que cuelgan piezas de cristal de diversas formasAraña
65%
ITecla de un ordenador que se emplea para introducir un salto de línea y para ejecutar órdenesIntro
64%
STira de papel enrollada que, en fiestas, se arrojan unas personas a otras, teniéndola sujeta por un extremoSerpentina
64%
BLuz que refleja o emite un cuerpoBrillo
60%
Contiene la QDocumento de pago para cobrar una cantidad determinada de los fondos que quien lo expide tiene en un bancoCheque
60%
NSalir de la tierra un río o un manantialNacer
60%
GMiembro de una banda organizada de delincuentes que actúa en las grandes ciudadesGánster
58%
ZParticipio del verbo zapearZapeado
56%
EAversión u odio entre dos o más personasEnemistad
49%
VVapor que despiden los cuerpos en determinadas condiciones de temperatura y humedadVaho
47%
Contiene la XExtranjero o procedente de un país o lugar lejanos y percibidos como muy distintos del propioExótico
35%
LAplicar cierto nombre a alguien o algoLlamar
35%
UPersona que ha sido signada con el óleo santo, especialmente un monarca o un sacerdoteUngido
31%
APonerse al frente de una causa, movimiento u organización para defenderlos o luchar por ellosAbanderar
27%
JCanción tradicional en mozárabe con que cerraban las moaxajas los poetas andalusíes árabes o hebreosJarcha
22%
FCualquier objeto que puede ser portador de infección, como las ropas de cama o los vestidosFómite
7%
Contiene la YIsla de Islandia que fue el último lugar donde habitó el alca gigante, un ave marina que se extinguió en 1844Eldey
2%
TCaldero pequeño de cobre que sirve para trasvasar el aceite en los molinosTaceta
2%
OApellido de la escritora autora del poemario 'Tormenta de tierra'Oseguera
0%

Distribución de puntuación

Porcentaje por número respondido

Porcentaje de gente con cada puntuación

Historial de tus puntuaciones

No has intentado esta prueba.